000 00412nam a22001577a 4500
003 SGT
020 _a9781543346312
082 _a615.58
_bC22P
100 _aCHAUDHARY, PREETI
245 _aCURRENT TREDS IN PHARMACOTHERAPEUTIES
260 _aPUNJAB
_bS.VIKASH AND COMPANY
_c2022
300 _a284
650 _aPHARMACY
653 _aCURRENT, TREDS, PHARMACOTHERAPEUTIES, THERAPEUTIES
942 _2ddc
_cGF BOOKS
999 _c31329
_d31329